| 000 | 00466nam a22001697a 4500 | ||
|---|---|---|---|
| 003 | OSt | ||
| 008 | 260504b |||||||| |||| 00| 0 eng d | ||
| 082 |
_a633.16 _bS48E |
||
| 100 | _aSingh, Suraj Kumar | ||
| 245 | _aEffect of Date of Sowing, Seed Rates and Seed Soaking on the Yield and Quality of Barley (Hordeum vulgare Linn.) | ||
| 260 |
_aPusa _bRAU _c1973 |
||
| 300 | _a69P. | ||
| 502 |
_bMsc. _d1973 |
||
| 650 | _aAgronomy | ||
| 650 | _aMsc. | ||
| 942 |
_2ddc _cT |
||
| 999 |
_c50395 _d50395 |
||